000 00679nam a22002417a 4500
008 130618b xxu||||| |||| 00| 0 eng d
020 _a81-219-2608-4
024 _cAvailable
037 _cAvailable
040 _aMBSTU LIBRARY
_dMBSTU LIBRARY
082 _222
_a620.8 DUT
100 _aDuley, R.C.
245 _aA Text book of biotechnology.
260 _aNew Delhi
_bS.Chand and Company.
_c1993
300 _a24 cm.
_bxvi, 702 page
_f15
_g24 cm.
600 _2Biotechnology.
650 _2Biotechnology.
700 _aDuley, R.C.
270 _aNew Delhi
_bNew Delhi
_dIndia
365 _b1202.00
_d1202.00
942 _2ddc
_cBK
999 _c489
_d489